Statistics for Black Things By Picture

Click here to take the quiz!

General Stats

  • This quiz has been taken 37 times
  • The average score is 7 of 8

Answer Stats

Answer% Correct
Pen
97%
Cat
94%
Domino
91%
Penguin
91%
Black bear
82%
Coal
82%
Panther
82%
Football
79%

Score Distribution

Percentile by Number Answered

Percent of People with Each Score

Your Score History

You have not taken this quiz